Au commencement de la philosophie (Record no. 18220)

MARC details
000 -LEADER
campo de control de longitud fija 00835nam a2200253 i 4500
001 - NÚMERO DE CONTROL
campo de control 18220
003 - IDENTIFICADOR DE NÚMERO DE CONTROL
campo de control ES-MaACL
005 - FECHA Y HORA DE LA ÚLTIMA TRANSACCIÓN
campo de control 20230906151802.0
007 - CAMPO FIJO DE DESCRIPCIÓN FÍSICA--INFORMACIÓN GENERAL
campo de control de longitud fija t|
008 - DATOS DE LONGITUD FIJA--INFORMACIÓN GENERAL
campo de control de longitud fija 010903s2001 fr ||||1| fre d
020 ## - NÚMERO INTERNACIONAL ESTÁNDAR DEL LIBRO
Número Internacional Estándar del Libro 2-02-032660-4
080 ## - NÚMERO DE LA CLASIFICACIÓN DECIMAL UNIVERSAL
Número de la Clasificación Decimal Universal 1(38)"-07/04"
100 1# - ENTRADA PRINCIPAL--NOMBRE DE PERSONA
Nombre de persona Gadamer, Hans Georg.
9 (RLIN) 53182
245 10 - MENCIÓN DEL TÍTULO
Título Au commencement de la philosophie
Resto del título : pour une lecture des présocratiques /
Mención de responsabilidad, etc. Hans-Georg Gadamer ; traduction de l'allemand par Pierre Fruchon ; revue par Dominique Séglard.
260 ## - PUBLICACIÓN, DISTRIBUCIÓN, ETC.
Lugar de publicación, distribución, etc. Paris :
Nombre del editor, distribuidor, etc. Seuil,
Fecha de publicación, distribución, etc. [2001]
300 ## - DESCRIPCIÓN FÍSICA
Extensión 156 p. ;
Dimensiones 26 cm.
490 1# - MENCIÓN DE SERIE
Mención de serie Treces écrites
650 #4 - PUNTO DE ACCESO ADICIONAL DE MATERIA--TÉRMINO DE MATERIA
Término de materia o nombre geográfico como elemento de entrada Presocráticos.
9 (RLIN) 16385
700 1# - ENTRADA AGREGADA--NOMBRE PERSONAL
Nombre de persona Fruchon, Pierre.
9 (RLIN) 52760
700 1# - ENTRADA AGREGADA--NOMBRE PERSONAL
Nombre de persona Séglard, Dominique.
9 (RLIN) 105134
830 0# - PUNTO DE ACCESO ADICIONAL DE SERIE-TÍTULO UNIFORME
Título uniforme Treces écrites
9 (RLIN) 228782
852 ## - LOCALIZACIÓN
Ubicación ES-MaACL
Número de control de estantería L-24913
Sublocalización o colección R.130177
Holdings
Estatus retirado Estado de pérdida Estado de daño No para préstamo Biblioteca de origen Biblioteca actual Ubicación en estantería Fecha de adquisición Fuente de adquisición Total de préstamos Signatura topográfica completa Código de barras Visto por última vez Precio de reemplazo Tipo de ítem Koha
        Biblioteca del Ateneo de Madrid Biblioteca del Ateneo de Madrid Depósito 2 17/01/2008     L-24913 1018629 23/02/2023 23/02/2023 Libro impreso